| 000 | 00478nam a2200169 a 4500 | ||
|---|---|---|---|
| 005 | 20140412111227.0 | ||
| 008 | 001117s19uu xx 00 eng d | ||
| 020 | _a0-15-330020-5 | ||
| 050 |
_aTR(GS 428.6 _bHBJ L.3 1989 |
||
| 245 |
_aMr. Fig / _cBernice E. Cullinan, et. al. |
||
| 250 | _aTeacher's Edition | ||
| 260 |
_aOrlando : _bHarcout Brace Jovanovich, _c1989. |
||
| 300 | _aT 215 p. | ||
| 440 | _aHBJ reading program, Level 3 | ||
| 650 | _aReading | ||
| 999 |
_c102063 _d102063 |
||